Vytváření pracovních úkolu. 1.
Postavenie a úloha ľudského činiteľa vo výrobnom systéme. Pracovná úloha a zásady jej vytvárania. Sociálna dimenzia podniku a tvorba pracovných úloh - absencia, stabilita, fluktuácia. Technické, technologické a organizačné aspekty tvorby úloh. Systém odmeňovania a vytvárania pracovných úloh.
Guardado en:
| Autor principal: | |
|---|---|
| Formato: | Capítulo de libro |
| Lenguaje: | checo |
| Materias: | |
| Etiquetas: |
Sin Etiquetas, Sea el primero en etiquetar este registro!
|
MARC
| LEADER | 00000naa a2200000 4500 | ||
|---|---|---|---|
| 001 | r008299 | ||
| 005 | 20220831090840.7 | ||
| 041 | 0 | |a cze | |
| 044 | |a [CS] | ||
| 245 | 1 | 0 | |a Vytváření pracovních úkolu. 1. |c E. Hrabětová |
| 520 | |a Postavenie a úloha ľudského činiteľa vo výrobnom systéme. Pracovná úloha a zásady jej vytvárania. Sociálna dimenzia podniku a tvorba pracovných úloh - absencia, stabilita, fluktuácia. Technické, technologické a organizačné aspekty tvorby úloh. Systém odmeňovania a vytvárania pracovných úloh. | ||
| 610 | 2 | 0 | |a činiteľ ľudský |
| 610 | 2 | 0 | |a systémy výrobné |
| 610 | 2 | 0 | |a politika sociálna |
| 610 | 2 | 0 | |a podnik |
| 610 | 2 | 0 | |a odmeňovanie |
| 610 | 2 | 0 | |a absencia |
| 610 | 2 | 0 | |a fluktuácia |
| 610 | 2 | 0 | |a stabilizácia pracovníkov |
| 100 | 1 | |a Hrabětová, E. | |